000 00772nas a2200253 4500
001 BR2014001751
003 BR-BrBNA
005 20231205123809.0
007 ta
008 230509b bl.|||p| |||| 00| 00por d
040 _aBR-BrBNA
_bpor
_cBiblioteca Nacional de Agricultura
041 _a(Pt)
072 _aQ02; Q05
100 1 _aLopes, M.R.F.
100 1 _aGonçalves, J.R.
245 1 _aNível de injeção e qualidade do produto cárneo
650 _aCARNE
650 _aINDÚSTRIA ALIMENTÍCIA
650 _aPRODUTO DE ORIGEM ANIMAL
650 _aTECNOLOGIA DE ALIMENTO
773 0 _tRevista Nacional da Carne (Brazil)
_xISSN 1413-4837
_g(Jan 2009), v. 33(383) p. 68-69
_wBR2014001751
909 _a202311
_bLúcia
_c55
_dLúcia Elande
942 _2AGRIS
_n0
_cANA
999 _c235753
_d235753